Effect of curb geometry and location on vehicle behavior / (Record no. 547432)

000 -LEADER
fixed length control field 00940cam a2200205 i 4500
020 ## - INTERNATIONAL STANDARD BOOK NUMBER
International Standard Book Number 0309023017 :
082 00 - DEWEY DECIMAL CLASSIFICATION NUMBER
Classification number 625.725
Author Mark EFF
-- D
245 00 - TITLE STATEMENT
Title Effect of curb geometry and location on vehicle behavior /
Statement of responsibility, etc. R. M. Olson ... [et al.] ; research sponsored by the American Association of State Highway and Transportation Officials in cooperation with the Federal Highway Administration.
260 ## - PUBLICATION, DISTRIBUTION, ETC.
Place of publication, distribution, etc. Washington :
Name of publisher, distributor, etc. Transportation Research Board, National Research Council,
Date of publication, distribution, etc. 1974.
300 ## - PHYSICAL DESCRIPTION
Extent 88 p. :
Other physical details ill. ;
Dimensions 28 cm.
490 1# - SERIES STATEMENT
Series statement National Cooperative Highway Research Program. Report ;
526 ## - STUDY PROGRAM INFORMATION NOTE
Program name 0
Interest level 0
Reading level 0
Title point value 625_725000000000000_EFF
650 #0 - SUBJECT ADDED ENTRY--TOPICAL TERM
Topical term or geographic name entry element Curbs
General subdivision Testing.
9 (RLIN) 43629
650 #0 - SUBJECT ADDED ENTRY--TOPICAL TERM
Topical term or geographic name entry element MCE
9 (RLIN) 379
700 1# - ADDED ENTRY--PERSONAL NAME
Personal name Olson, Robert M.
9 (RLIN) 43384
710 1# - ADDED ENTRY--CORPORATE NAME
Corporate name or jurisdiction name as entry element United States.
9 (RLIN) 21185
710 2# - ADDED ENTRY--CORPORATE NAME
Corporate name or jurisdiction name as entry element American Association of State Highway and Transportation Officials.
9 (RLIN) 19553
710 2# - ADDED ENTRY--CORPORATE NAME
Corporate name or jurisdiction name as entry element National Research Council (U.S.).
9 (RLIN) 20017
942 ## - ADDED ENTRY ELEMENTS (KOHA)
Source of classification or shelving scheme
Koha item type Book
Holdings
Withdrawn status Lost status Source of classification or shelving scheme Damaged status Not for loan Permanent Location Current Location Date acquired Total Checkouts Full call number Barcode Date last seen Price effective from Koha item type
          Military College of Engineering (MCE) Military College of Engineering (MCE) 07/15/2014   625.725 EFF MCE-42080 07/15/2014 07/15/2014 Book
© 2023 Central Library, National University of Sciences and Technology. All Rights Reserved.